000 00423nam a2200181Ia 4500
005 20240823011701.0
008 240823s9999||||xx |||||||||||||| ||und||
041 _aENGLISH
082 _A658.15 P1
100 _aRustagi R P
245 0 _aFinancial Mangement
250 _a2nd
260 _c2001
_b"Galgotia,New Delhi"
500 _aYES
650 _aManagement
_bManagement Studies
942 _cBK
999 _c162240
_d162240